000 00585nam a22001817a 4500
999 _c188487
_d188487
005 20220525104722.0
010 _aENG-132813
020 _a9788181715555
_c1270.00
035 _aEN-116345
037 _bDBAD/PUB
082 _a593.6095488
100 _aRaghunathan, C.
245 _aCoral and Associated Fauna:
_bIn Neil Island, south Andaman/
_cC. Raghunathan
260 _aKolkata
_bZoological Survey of India
_c2020
270 _a253, M-Block, New Alipore
_bKolkata
_e700053
300 _a148p
_bAcknowledgements
_c24cm(pbk)
942 _2ddc
_cEN
_h593.6095488
_mRAG